<?xml version="1.0" encoding="UTF-8"?>
<record
    xmlns:xsi="http://www.w3.org/2001/XMLSchema-instance"
    xsi:schemaLocation="http://www.loc.gov/MARC21/slim http://www.loc.gov/standards/marcxml/schema/MARC21slim.xsd"
    xmlns="http://www.loc.gov/MARC21/slim">

  <leader>02402nam a2200373 i 4500</leader>
  <controlfield tag="001">197611</controlfield>
  <controlfield tag="003">ES-MaACL</controlfield>
  <controlfield tag="005">20250728070126.0</controlfield>
  <controlfield tag="007">ta</controlfield>
  <controlfield tag="008">250623e2025    sp ||||| |||| 00| 0 spa d</controlfield>
  <datafield tag="017" ind1=" " ind2=" ">
    <subfield code="a">M 985-2025</subfield>
  </datafield>
  <datafield tag="020" ind1=" " ind2=" ">
    <subfield code="a">9788409683512</subfield>
  </datafield>
  <datafield tag="040" ind1=" " ind2=" ">
    <subfield code="b">spa</subfield>
    <subfield code="c">ES-MaACL</subfield>
  </datafield>
  <datafield tag="080" ind1=" " ind2=" ">
    <subfield code="a">338.1(7/8=134)</subfield>
  </datafield>
  <datafield tag="245" ind1="0" ind2="0">
    <subfield code="a">Am&#xE9;rica Latina en un mundo perplejo : </subfield>
    <subfield code="b">inseguridad, turbulencias econ&#xF3;micas y democracias asediadas : informe anual 2024-2025 / </subfield>
    <subfield code="c">&#xC9;rika Rodr&#xED;guez Pinz&#xF3;n y Marisa Roll&#xF3;n (editoras)</subfield>
  </datafield>
  <datafield tag="260" ind1=" " ind2=" ">
    <subfield code="a">Madrid : </subfield>
    <subfield code="b">Fundaci&#xF3;n Carolina, </subfield>
    <subfield code="c">2025</subfield>
  </datafield>
  <datafield tag="300" ind1=" " ind2=" ">
    <subfield code="a">166 p&#xE1;ginas ;</subfield>
    <subfield code="c">30 cm</subfield>
  </datafield>
  <datafield tag="336" ind1=" " ind2=" ">
    <subfield code="2">rdacontent</subfield>
    <subfield code="a">texto</subfield>
  </datafield>
  <datafield tag="337" ind1=" " ind2=" ">
    <subfield code="2">rdamedia</subfield>
    <subfield code="a">sin mediaci&#xF3;n</subfield>
  </datafield>
  <datafield tag="338" ind1=" " ind2=" ">
    <subfield code="2">rdacarrier</subfield>
    <subfield code="a">volumen</subfield>
  </datafield>
  <datafield tag="520" ind1=" " ind2=" ">
    <subfield code="a">Este Informe anual 2024-2025 de la Fundaci&#xF3;n Carolina ofrece una visi&#xF3;n integral y multifac&#xE9;tica de los desaf&#xED;os y oportunidades que ha enfrentado Am&#xE9;rica Latina en 2024 y los que le esperan en 2025: un a&#xF1;o que se presenta econ&#xF3;micamente incierto y pol&#xED;ticamente turbulento, bajo un contexto global tensionado, en el que persistir&#xE1; el asedio a los valores y las instituciones de la democracia, pero que asimismo podr&#xED;a suponer, para los pa&#xED;ses de la regi&#xF3;n, un reimpulso en t&#xE9;rminos de movilizaci&#xF3;n de recursos financieros, resiliencia institucional, defensa de derechos humanos, y representaci&#xF3;n pol&#xED;tica de las mujeres. En su elaboraci&#xF3;n ha participado un destacado grupo de especialistas que colaboran o son miembros del &#xE1;rea de Estudios y An&#xE1;lisis de la Fundaci&#xF3;n Carolina. </subfield>
  </datafield>
  <datafield tag="530" ind1=" " ind2=" ">
    <subfield code="a">Disponible en formato digital</subfield>
  </datafield>
  <datafield tag="540" ind1=" " ind2=" ">
    <subfield code="a">Versi&#xF3;n digital disponible en Fundaci&#xF3;n Carolina</subfield>
    <subfield code="u">https://www.fundacioncarolina.es/wp-content/uploads/2025/01/ANUARIO-2024.pdf</subfield>
  </datafield>
  <datafield tag="650" ind1=" " ind2="4">
    <subfield code="a">Democracia-</subfield>
    <subfield code="z">Am&#xE9;rica Latina</subfield>
    <subfield code="9">11565</subfield>
  </datafield>
  <datafield tag="651" ind1=" " ind2="4">
    <subfield code="a">Am&#xE9;rica Latina-</subfield>
    <subfield code="x">Situaci&#xF3;n econ&#xF3;mica</subfield>
    <subfield code="9">7765</subfield>
  </datafield>
  <datafield tag="700" ind1="1" ind2=" ">
    <subfield code="a">Rodr&#xED;guez Pinz&#xF3;n, &#xC9;rika</subfield>
    <subfield code="e">pbl</subfield>
    <subfield code="9">240971</subfield>
  </datafield>
  <datafield tag="700" ind1="1" ind2=" ">
    <subfield code="a">Ramos Roll&#xF3;n, Marisa</subfield>
    <subfield code="e">pbl</subfield>
    <subfield code="9">240972</subfield>
  </datafield>
  <datafield tag="710" ind1="2" ind2=" ">
    <subfield code="a">Fundaci&#xF3;n Carolina</subfield>
    <subfield code="e">edt</subfield>
    <subfield code="9">147407</subfield>
  </datafield>
  <datafield tag="852" ind1=" " ind2=" ">
    <subfield code="a">ES-MaACL</subfield>
    <subfield code="c">DEPO1</subfield>
    <subfield code="h">Donaci&#xF3;n Fundaci&#xF3;n Carolina</subfield>
    <subfield code="j">A-15699</subfield>
    <subfield code="9">206057</subfield>
  </datafield>
  <datafield tag="856" ind1="4" ind2=" ">
    <subfield code="u">https://www.fundacioncarolina.es/wp-content/uploads/2025/01/ANUARIO-2024.pdf</subfield>
    <subfield code="y">Versi&#xF3;n digital </subfield>
    <subfield code="z">(Fundaci&#xF3;n Carolina)</subfield>
    <subfield code="7">Accesible a 20/07/2025</subfield>
  </datafield>
  <datafield tag="942" ind1=" " ind2=" ">
    <subfield code="n">0</subfield>
    <subfield code="c">MONOGRAFIA</subfield>
  </datafield>
  <datafield tag="999" ind1=" " ind2=" ">
    <subfield code="c">197611</subfield>
    <subfield code="d">197611</subfield>
  </datafield>
  <datafield tag="952" ind1=" " ind2=" ">
    <subfield code="0">0</subfield>
    <subfield code="1">0</subfield>
    <subfield code="2">udc</subfield>
    <subfield code="4">0</subfield>
    <subfield code="7">0</subfield>
    <subfield code="8">Colecci&#xF3;n_digital</subfield>
    <subfield code="a">ATENEOM</subfield>
    <subfield code="b">ATENEOM</subfield>
    <subfield code="c">DEPO1</subfield>
    <subfield code="d">2025-06-23</subfield>
    <subfield code="e">DONACION</subfield>
    <subfield code="l">0</subfield>
    <subfield code="o">A-15699</subfield>
    <subfield code="r">2025-06-23 00:00:00</subfield>
    <subfield code="y">MONOGRAFIA</subfield>
  </datafield>
</record>
